Estudio de costos de una planta móvil de restauración de aceite dieléctrico
Gorde:
| Egile nagusia: | |
|---|---|
| Formatua: | Liburua |
| Argitaratua: |
San José, Costa Rica
2001
|
| Gaiak: | |
| Etiketak: |
Etiketa erantsi
Etiketarik gabe, Izan zaitez lehena erregistro honi etiketa jartzen!
|
MARC
| LEADER | 00000nam a2200000Ia 4500 | ||
|---|---|---|---|
| 003 | 008888 | ||
| 005 | 20240516131156.0 | ||
| 008 | 140114s2001 cr a m 000 ||s d | ||
| 040 | |c cru CEDI | ||
| 090 | |a TFG 4449 | ||
| 100 | |a Gallardo Arriagada,Daniela, 1976- |9 3060 | ||
| 245 | |a Estudio de costos de una planta móvil de restauración de aceite dieléctrico | ||
| 260 | |a San José, Costa Rica |c 2001 | ||
| 300 | |a ix, 45, [11] hojas : ilustraciones | ||
| 500 | |a Proyecto de graduación (bachillerato en ingeniería eléctrica)--Universidad de Costa Rica. Facultad de Ingeniería. Escuela de Ingeniería Eléctrica | ||
| 501 | |a Profesor Guía de Proyecto Eléctrico: Ing. Ismael López | ||
| 650 | |x TRANSFORMADORES ELECTRICOS |x TRANSPORTE - MANTENIMIENTO Y REPARACION |x DIELECTRICOS |x ACEITES PARA AISLADORES ELECTRICOS |x FILTROS PARA ACEITE |9 7491 | ||
| 942 | |c TFG |h TFG 4449 |i 008888 |6 TFG_4449_008888000000000 | ||
| 999 | |c 17992 |d 17992 | ||
